000 00505nam a2200169Ia 4500
003 GCL
008 140319s9999 xx 000 0 ara d
040 _aGCL /
_cGCL
082 0 4 _a812.043
_bن ن
100 1 _aنعمان عاشور
245 1 0 _aالناس اللى تحت : كوميديا مصرية فى ثلاث فصول /
_cنعمان عاشور
300 _a133
490 _a100 قصة
_v0
650 0 4 _aالادب العربى
650 0 4 _aالمسرحيات العربية
942 _2ddc
_cBK
999 _c45990
_d45990